000 00954nam0a22002771 4500
001 rc\4759296
005 20250613074534.0
021 _aRU
_b[59-27385]
035 _a(NLR Aleph) 009015812
090 _a9396864
_c9396864
100 _a20130417d1959 |||y0rusy50 ca
101 0 _arus
102 _aRU
105 _aa j |||||
200 1 _aОсновы невропатологии
_eУчебник для дефектол. фак. пед. ин-тов
210 _aМосква
_cУчпедгиз
_d1959
215 _a262 с.
_cил.
_d23
300 _a2-е изд. вышло под загл.: Невропатология
517 0 _aНевропатология
606 _aНевропатология
_jУчебники и пособия
_2psbo
700 1 _aЛяпидевский
_bС.С.
_gСергей Семенович
801 0 _aRU
_bNLR
_gpsbo
801 1 _aRU
_bELAR
_2rusmarc
852 _aNLR
_j59-5/2069
942 _cBOOK
980 _aNB